words start H [250 common english words] - Statistics

General Stats
  • This quiz has been taken 15 times
  • The average score is 12 of 16
Answer Stats
lp Answer % Correct
5 he
100%
6 her
100%
8 his
93%
13 how
93%
9 him
86%
2 had
79%
4 hand
79%
1 have
79%
15 hard
71%
16 help
71%
10 home
71%
11 house
64%
3 head
57%
7 here
57%
14 high
57%
12 hot
57%
No matching quizzes found
Score Distribution
Percent of People with Each Score
Percentile by Number Answered
Your Score History
You have not taken this quiz